Torwarte der Bundesliga - Statistiken

Allgemein
  • Dieses Quiz wurde 188 mal gespielt
  • Das Durchschnittsergebnis liegt bei 14 aus 18
Antwortstatistiken
Hint Antwort % Korrekt
FC Bayern München Manuel Neuer
99%
Borussia Dortmund Gregor Kobel
96%
Eintracht Frankfurt Kevin Trapp
93%
Bayer 04 Leverkusen Lukas Hradecky
90%
TSG Hoffenheim Oliver Baumann
88%
VfL Bochum Manuel Riemann
82%
1. FC Köln Marvin Schwäbe
82%
VfB Stuttgart Alexander Nübel
81%
VfL Wolfsburg Koen Casteels
79%
1. FC Union Berlin Frederik Rønnow
77%
1. FSV Mainz 05 Robin Zentner
77%
Borussia Mönchengladbach Jonas Omlin
76%
1. FC Heidenheim Kevin Müller
76%
RB Leipzig Janis Blaswich
73%
FC Augsburg Finn Dahmen
68%
SV Werder Bremen Michael Zetterer
65%
SC Freiburg Noah Atubolu
62%
SV Darmstadt 98 Marcel Schuhen
51%
Keine übereinstimmenden Quizze gefunden
Verteilung der Resultate
Anzahl Personen mit jedem Resultat
Perzentil nach korrekt beantworteten Fragen
Ihre Resultats-Entwicklung
Sie haben dieses Quiz noch nicht gespielt